• 首页
  • 本馆介绍
  • 公告通知
  • 最新文献
  • 馆藏检索
  • 电子资源
  • 读者导购
  • 参考咨询
  • 我的图书馆
  • 登录
  • 详细信息显示
  • 放入我的书架
  • 预约/预借图书
  • 作者相关作品
  • 分类相关作品
  • 丛书相关作品
  • 出版社相关作品

书目信息

  • 表格格式
  • 工作单格式
  • 卡片格式
题名:
农学实验教程
    
 
作者: 李天 主编
分册:  
出版信息: 北京   中国农业出版社  2018
页数: 161页
开本: 23cm
丛书名:
单 册:
中图分类: S-3
科图分类:
主题词: 农学--实验--高等学校--教材
电子资源:
ISBN: 978-7-109-23253-2
000 00935nam0 2200241 450
001 012001001940
005 20131109132718.0
010    @a978-7-109-23253-2@dCNY27.50
100    @a20190109d2018 em y0chiy50 ea
101 0  @achi
102    @aCN@b110000
105    @aa z 000yy
106    @ar
200 1  @a农学实验教程@Anong xue shi yan jiao cheng@f李天主编
210    @a北京@c中国农业出版社@d2018
215    @a161页@c图@d23cm
300    @a普通高等教育农业部“十二五”规划教材 全国高等农林院校“十二五”规划教材
330    @a本数由8章组成,内容包括:农学基础性实验、作物形态与类型识别、作物产量测定与室内考种、作物品质分析、作物生长环境分析、作物栽培技术、作物育种与种子生产、作物病虫草害防治技术。全书涉及36个实验项目,基本涵盖了农学专业的核心技能。
606 0  @a农学@x实验@x高等学校@j教材
690    @aS-3@v5
701  0 @a李天@Ali tian@f(1962-)@4主编
801  0 @aCN@b北京卓展@c20191020
905    @b1199289-92@dS-3@e168@f4
    
    农学实验教程/李天主编.-北京:中国农业出版社,2018
    161页:图;23cm
    普通高等教育农业部“十二五”规划教材 全国高等农林院校“十二五”规划教材
    
    ISBN 978-7-109-23253-2:CNY27.50
    本数由8章组成,内容包括:农学基础性实验、作物形态与类型识别、作物产量测定与室内考种、作物品质分析、作物生长环境分析、作物栽培技术、作物育种与种子生产、作物病虫草害防治技术。全书涉及36个实验项目,基本涵盖了农学专业的核心技能。
●
相关链接 在E读中查询图书 在五车中查询图书 在当当中查询图书 在豆瓣中查询图书


正题名:农学实验教程     索取号:S-3/168         预约/预借

序号 登录号 条形码 馆藏地/架位号 状态 备注
1 1199289   211992897   第二样本阅览室/ [索取号:S-3/168] 在馆    
2 1199290   211992904   第三借阅区/ [索取号:S-3/168] 在馆    
3 1199291   211992913   第三借阅区/ [索取号:S-3/168] 在馆    
4 1199292   211992922   第三借阅区/ [索取号:S-3/168] 在馆    
唐山师范学院图书馆 欢迎您!
大连网信软件有限公司© 版权所有